000
00293nam a22001337a 4500
008
190223b xxu||||| |||| 00| 0 eng d
020
_a
9780321560155
041
_a
eng
080
_a
611
100
_a
6
101
_a
ANA
245
_a
Visual Anatomy & Physiology
_c
Martini
942
_2
udc
_c
BK
999
_c
54150
_d
54150